[Event "CZE-ch U10"]
[Site "Teplice"]
[Date "2023.11.18"]
[Round "7"]
[White "Kovar, Vaclav2"]
[Black "Hurt, Marek"]
[Result "0-1"]
[WhiteElo "1000"]
[BlackElo "1067"]
[PlyCount "130"]
[EventDate "2023.11.15"]
[EventType "swiss"]
[EventRounds "9"]
[EventCountry "CZE"]
[SourceTitle "CB47_2023"]
[SourceDate "2023.11.22"]
[SourceVersion "1"]
[SourceVersionDate "2023.11.22"]
[SourceQuality "1"]

1. e4 e5 2. Nf3 Nc6 3. Nc3 Nf6 4. Bb5 Bb4 5. d4 a6 6. Bxc6 dxc6 7. 0-0 0-0 8. Nxe5 Bxc3 9. bxc3 Nxe4 10. Qe1 Nd6 11. Nf3 h6 12. h3 Bf5 13. Qd2 Nc4 14. Qe2 b5 15. Ne5 Re8 16. Bf4 f6 17. Nxc6 Qd7 18. Qf3 Be4 19. Qg3 Bxc6 20. Bxh6 Kf8 21. Bf4 Rac8 22. f3 Nb6 23. Rae1 Nd5 24. Rxe8+ Kxe8 25. Re1+ Kf8 26. c4 Nxf4 27. Qxf4 bxc4 28. Qh4 Ba4 29. Qh8+ Kf7 30. Qh5+ Kg8 31. Re4 Bxc2 32. Rh4 Kf8 33. Qh8+ Kf7 34. Qh5+ Bg6 35. Qg4 Qxg4 36. Rxg4 Re8 37. d5 c3 38. Rc4 c2 39. Kf2 Re7 40. g4 Bd3 41. Rc3 Re2+ 42. Kf1 Rd2+ 43. Ke1 Rd1+ 44. Kf2 c1Q 45. Rxc1 Rxc1 46. Kg3 Bc4 47. Kh4 Bxa2 48. g5 fxg5+ 49. Kxg5 Bxd5 50. f4 Rh1 51. h4 Rxh4 52. f5 Rh1 53. f6 gxf6+ 54. Kf5 Re1 55. Kf4 Ke7 56. Kf5 Kd6 57. Kf4 Re5 58. Kg4 a5 59. Kf4 a4 60. Kg4 a3 61. Kf4 a2 62. Kg4 a1Q 63. Kf4 Qf1+ 64. Kg3 Rg5+ 65. Kh2 Qh1# 0-1